60s Music Artists by Emojis - Statistics

General Stats
  • This quiz has been taken 194 times
    20 since last reset
  • The average score is 11 of 32
Answer Stats
Hint Answer % Correct
๐Ÿชฒ๐Ÿชฒ The Beatles
93%
โ›ฑ๏ธ๐Ÿ‘ฆ๐Ÿ‘ฆ๐Ÿ‘ฆ๐Ÿ‘ฆ๐Ÿ‘ฆ The Beach Boys
87%
๐ŸฆŠ๐Ÿฆ๐Ÿถ๐Ÿฑ๐ŸซŽ๐Ÿฏ The Animals
73%
๐Ÿข๐Ÿข The Turtles
73%
๐Ÿšช๐Ÿšช The Doors
67%
๐ŸŽ…-na Santana
60%
๐Ÿ’๐Ÿ’ The Monkees
60%
๐Ÿฆ๐Ÿฆ The Byrds
53%
๐Ÿ™๐Ÿ’€ The Grateful Dead
40%
๐Ÿคฑ๐Ÿคฑ๐Ÿ‘จโ€๐Ÿผ๐Ÿ‘จโ€๐Ÿผ The Mamas and the Papas
40%
๐ŸงŸโ€โ™‚๏ธ๐ŸงŸโ€โ™‚๏ธ The Zombies
40%
๐Ÿฅซ๐Ÿ”ฅ Canned Heat
33%
๐Ÿ”ฎ๐Ÿ”ฎ (exclude the word ball) The Crystal's
33%
๐Ÿ”„๐Ÿชจ The Rolling Stones
33%
๐Ÿก ๐Ÿฆ๐Ÿฆ (what surrounds your house?) The Yardbirds
33%
๐Ÿฆฌ๐ŸŒผ๐ŸŒ„ Buffalo Springfield
27%
๐Ÿคช๐Ÿ˜ Crazy Elephant
27%
๐Ÿคด๐Ÿ”ด (type of red) King Crimson
27%
๐Ÿ‹๐Ÿ‡ (Herman Melville's whales name) Moby Grape
27%
โค๏ธ๐Ÿฅ„ The Lovin' Spoonful
27%
๐Ÿฅฉ๐Ÿซ›๐Ÿฅœ (these foods contain it) ๐Ÿฆ‹ Iron Butterfly
20%
๐Ÿซข๐Ÿ”ต Shocking Blue
20%
๐Ÿ“โฐ๏ธ Strawberry Alarm Clock
20%
13th ๐Ÿงฑ ๐Ÿ›— The 13th Floor Elevators
20%
๐Ÿฅ›(not milk) Cream
13%
? ๐Ÿ•ต๐Ÿ•ต๐Ÿ•ต๐Ÿ•ต ? and The Mysterians
7%
๐Ÿ”๐Ÿ›– Chicken Shack
7%
๐Ÿค’๐ŸŒณ Fever Tree
7%
๐Ÿชฝ๐ŸŒฏ๐Ÿ‘จโ€๐Ÿ‘ฉโ€๐Ÿ‘ฆโ€๐Ÿ‘ฆ The Flying Burrito Brothers
7%
๐Ÿฅœ ๐Ÿงˆ ๐Ÿค” The Peanut Butter Conspiracy
7%
๐Ÿ”ต๐Ÿ–ผ Blues Image
0%
๐Ÿ‘ถ๐Ÿฉธ The Youngbloods
0%
No matching quizzes found
Score Distribution
Percent of People with Each Score
Percentile by Number Answered
Your Score History
You have not taken this quiz since the last reset